000 00527nam a2200181Ia 4500
005 20250508163349.0
008 008 250505s9999 xx 000 0 eng d
037 _aTextual
040 _aFEDL
_beng
_cFEDL
041 _aeng
_2eng
084 _a372.9678, INT
_qFEDL
100 _aOmari I M
_9775205
245 0 _aUniversal primary education in Tanzania
260 _aOttawa
_bInternational Development Research Centre
_c1983
300 _a87p.
942 _cTEXL
_h372.9678, INT
999 _c1382572
_d1382572